| 000 | 01110Nam a2200313 i 4500 | ||
|---|---|---|---|
| 001 | 36161 | ||
| 003 | BD-RjUL | ||
| 005 | 20211209052437.0 | ||
| 008 | 140617s1980 cou b 001 0 eng | ||
| 020 | _a0891585915 | ||
| 020 | _a0891588965 (pbk.) | ||
| 035 | _a(BD-RjUL)36258 | ||
| 040 |
_aDLC _cDLC _dDLC _dBD-RjUL _beng |
||
| 041 | _aeng | ||
| 082 | 0 | 0 |
_a320.473 _bLEO 1980 |
| 100 | 1 |
_aLevitt, Morris, _d1938- _9110055 |
|
| 245 | 1 | 0 |
_aOf, by, and for the people : _bstate and local government and politics / _cMorris J. Levitt and Eleanor G. Feldbaum. |
| 260 |
_aBoulder, Colo. : _bWestview Press, _c1980. |
||
| 300 |
_axvii, 328 p. ; _c24 cm. |
||
| 500 | _aEdition for 1973 published under title: State and local government and politics | ||
| 504 | _aBibliography: p. 307-309.AND index. | ||
| 650 | 0 |
_aState governments _zUnited States. _916911 |
|
| 650 | 0 |
_aLocal government _zUnited States. _9110056 |
|
| 650 | 0 |
_aPolitical participation _zUnited States. _9106034 |
|
| 700 | 1 |
_aFeldbaum, Eleanor G., _ejoint author. _9110057 |
|
| 942 |
_2ddc _cBK |
||
| 999 |
_c36161 _d36161 |
||